The fungi
Збережено в:
| Автори: | , |
|---|---|
| Формат: | Книга |
| Мова: | Англійська |
| Опубліковано: |
Londres
Academic Press
1996
|
| Редагування: | 3a. ed |
| Предмети: | |
| Теги: |
Додати тег
Немає тегів, Будьте першим, хто поставить тег для цього запису!
|
MARC
| LEADER | 00000nam a2200000 a 4500 | ||
|---|---|---|---|
| 001 | UCT0477 | ||
| 003 | CL-VaPUC | ||
| 008 | 960830e19960000UK |||||||||||||||||eng|d | ||
| 082 | 0 | 4 | |a 598.2 |b CAR |2 21 |
| 100 | 0 | |a Carlile, Michael J |e author |9 369118 | |
| 700 | 0 | |a Watkinson, Sarah C |e author |9 369119 | |
| 245 | 1 | 4 | |a The fungi |
| 250 | |a 3a. ed | ||
| 300 | |a 482 p | ||
| 942 | |c BK | ||
| 945 | |d 19960830 00:00:00 |a rbrito | ||
| 260 | |a Londres |b Academic Press |c 1996 | ||
| 650 | 0 | |a Hongos |9 261629 | |
| 650 | 7 | |a MOHO |2 CL-VaPUC |9 369120 | |
| 650 | 0 | |a Micología |9 326258 | |
| 650 | 0 | |a Organismos vivos |9 264556 | |
| 650 | 7 | |a ESPORAS |2 CL-VaPUC |9 369121 | |
| 650 | 0 | |a Bacterias |9 298237 | |
| 650 | 0 | |a Análisis biológico |9 364049 | |
| 583 | |a last modification |c 19960830 00:00:00 |k Rodrigo Vera | ||
| 999 | |c 251434 |d 251432 | ||